Kraje Europy leżące na półwyspach - Statystyki

Ogólne statystyki
  • Ten quiz został rozwiązany 33 razy
    28 od ostatniego zresetowania
  • Średni wynik to 22 z 24
Statystyki odpowiedzi
Półwysep Całe państwo czy kawałek Państwo % Poprawnych
Skandynawski Część Finlandia
100%
Kolski Część Finlandia
100%
Iberyjski Całość Hiszpania
100%
Skandynawski Całość Norwegia
100%
Iberyjski Całość Portugalia
100%
Skandynawski Całość Szwecja
100%
Apeniński Całość Włochy
100%
Iberyjski Całość Andora
92%
Bałkański Całość Bułgaria
92%
Bałkański Całość Czarnogóra
92%
Bałkański Całość Grecja
92%
Krymski Nie każdy uznaje Rosja
92%
Apeniński Całość San Marino
92%
Bałkański Całość Serbia
92%
Apeniński Całość Watykan
92%
Bałkański Całość Albania
88%
Bałkański Całość Chorwacja
88%
Jutlandzki Całość Dania
88%
Bałkański Całość Bośnia i Hercegowina
84%
Bałkański Całość Kosowo
84%
Bałkański Całość Macedonia Północna
84%
Jutlandzki Część Niemcy
80%
Bałkański Całość Słowenia
80%
Bałkański Część Turcja
68%
Nie znaleziono quizów pasujących do podanych kryteriów
Rozkład punktacji
Procent ludzi z każdym wynikiem
Percentyl według liczby udzielonych odpowiedzi
Twoja historia wyników
Nie rozwiązałeś tego quizu od ostatniego zresetowania